| 000 | 00477nam a22001817a 4500 | ||
|---|---|---|---|
| 003 | CEME | ||
| 005 | 20210628205313.0 | ||
| 008 | 210308b xxu||||| |||| 00| 0 eng d | ||
| 020 | _a0-13-291147-7 | ||
| 040 | _c. | ||
| 082 | _a629.2446 CAM'A | ||
| 100 |
_aCampbell, J. Gary _974843 |
||
| 245 | _aAutomatic transaxles and transmissions | ||
| 260 |
_aNEWJERSCY _bPRENTICE HALL _c1995 |
||
| 300 | _aVIII, 486P | ||
| 650 |
_aAUTOMOBILES TRANSMISSION _974844 |
||
| 942 |
_cBK _2ddc |
||
| 999 |
_c580350 _d580350 |
||